Paroles - DANS LES YEUX D'ÉMILIE - Statistiques

Statistiques générales
  • Ce quiz a été pris 386 fois
  • Le résultat moyen est 173 sur 242
Statistiques - réponses
Paroles % Correct
Le
99%
le
99%
Dans
98%
dans
98%
Les
97%
les
97%
yeux
97%
de
96%
la
94%
Et
92%
et
92%
soleil
92%
Jour
90%
jour
90%
Moi,
90%
moi
90%
vie
90%
à
89%
nuit
89%
Nuit
89%
d'Émilie
87%
j'avais
87%
son
82%
l'amour
81%
ma
81%
du
80%
Je
79%
mélancolie
78%
que
78%
au
75%
vieux
74%
Québec
73%
sourire
70%
Émilie
69%
quartier
69%
joie
66%
sa
65%
vivre
65%
réchauffais
63%
On
62%
ont
59%
Mais
58%
pour
56%
d'avoir
55%
l'air
55%
J'ai
54%
qui
54%
Qui
54%
temps
54%
ce
53%
est
53%
ni
52%
rues
52%
nous
51%
plus
51%
En
50%
fois
50%
première
50%
Saint-Laurent
50%
froid
49%
l'accent
49%
bien
48%
n'est
48%
six
48%
mois
47%
va
47%
durer
46%
l'hiver
46%
Quand
46%
lumière
45%
reviendra
45%
chaleur,
44%
n'ai
44%
avec
43%
D'un
43%
Devenait
42%
l'été
40%
prisonnier
39%
gens
38%
jours
37%
l'an
37%
Sans
37%
voisine
37%
2000
35%
dirait
35%
grand
35%
peut
35%
pieds
35%
vient
35%
nuits
34%
printemps
34%
retour
34%
secs
34%
aux
33%
croire
33%
décembre
33%
d'éclater
33%
espérer
33%
maisons
32%
temps-là
32%
sortent
31%
terre
31%
dos
30%
enfants
30%
grises
30%
ressemblent
30%
tourne
30%
C'est
29%
fête
29%
éclaircie
28%
verts
25%
redeviennent
23%
toits
23%
Aucun quiz correspondant
Distribution des résultats
% des personnes avec chaque résultat
Percentile par nombre de réponses
Votre historique - résultats
Vous n’avez pas pris ce quiz